[Event "August 13 challenge "]
[Site "SchemingMind.com"]
[Date "2013.08.09"]
[Round "-"]
[White "ray winteringham"]
[Black "A330"]
[Result "1/2-1/2"]
[WhiteCountry "ENG"]
[BlackCountry "ENG"]
[WhiteElo "1575"]
[WhiteRD "50"]
[BlackElo "1971"]
[BlackRD "89"]
[GameID "336542"]

1. d4 d5 2. Nf3 Nc6 3. e3 Nf6 4. Bd3 e6 5. O-O Be7 6. h3 O-O 7. Bd2 Bd7 8. c4 Ne4 9. Nc3 Nxd2 10. Qxd2 Nb4
11. a3 Nxd3 12. Qxd3 c6 13. c5 b6 14. b4 b5 15. a4 a6 16. a5 f6 17. Rae1 Qc7 18. e4 Rae8 19. e5 f5 20. Nh2 Qd8
21. f4 Bh4 22. g3 Be7 23. Kg2 h5 24. h4 Kh8 25. Nf3 Rg8 26. Kf2 Ref8 27. Rh1 Qe8 28. Rh3 Qg6 29. Rg1 Rc8 30. Rgh1 Rgf8
31. Ng5 Kg8 32. Qf3 Rfd8 33. Ke3 Kf8 34. Ne2=
1/2-1/2

[Event "August 13 challenge "]
[Site "SchemingMind.com"]
[Date "2013.08.10"]
[Round "-"]
[White "A330"]
[Black "ray winteringham"]
[Result "0-1"]
[WhiteCountry "ENG"]
[BlackCountry "ENG"]
[WhiteElo "1971"]
[WhiteRD "89"]
[BlackElo "1575"]
[BlackRD "50"]
[GameID "336543"]

1. e4 c5 2. Nf3 Nc6 3. Bb5 b6 4. O-O Bb7 5. Re1 Qc7 6. Nc3 e6 7. d3 Be7 8. e5 f6 9. a3 fxe5 10. Bd2 Nf6
11. Ne4 O-O 12. h3 Nd4 13. Nxd4 exd4 14. Qf3 Nxe4 15. Qe2 Rxf2 16. Qxf2 Nxf2 17. Kxf2 Bh4+ 18. Ke2 Bxe1 19. Rxe1 Qh2 20. Bxd7 Bf3+
21. Kxf3 Rf8+ 22. Ke2 Qxg2+ 23. Kd1 Rf2 24. Bxe6+ Kf8 25. Bc1 Qf3+
0-1

[Event "August 13 challenge "]
[Site "SchemingMind.com"]
[Date "2013.08.10"]
[Round "-"]
[White "Scooter"]
[Black "ray winteringham"]
[Result "1-0"]
[WhiteCountry "USA"]
[BlackCountry "ENG"]
[WhiteElo "1729"]
[WhiteRD "51"]
[BlackElo "1575"]
[BlackRD "50"]
[GameID "336550"]

1. d4 Nf6 2. Nf3 Nc6 3. Bf4 g6 4. e3 Bg7 5. Be2 d6 6. O-O O-O 7. a3 e6 8. Nbd2 d5 9. h3 Ne7 10. c4 c6
11. cxd5 Nfxd5 12. Bg3 b5 13. Rc1 Bb7 14. Nb3 Qb6 15. Nc5 a5 16. Nd7 Qc7 17. Bxc7
1-0

[Event "August 13 challenge "]
[Site "SchemingMind.com"]
[Date "2013.08.10"]
[Round "-"]
[White "Scooter"]
[Black "A330"]
[Result "1-0"]
[WhiteCountry "USA"]
[BlackCountry "ENG"]
[WhiteElo "1747"]
[WhiteRD "50"]
[BlackElo "1985"]
[BlackRD "74"]
[GameID "336551"]

1. d4 d5 2. Nf3 Nc6 3. Bf4 Nf6 4. e3 e6 5. Bb5 Bd7 6. O-O Be7 7. Nbd2 O-O 8. c4 a6 9. Bxc6 Bxc6 10. c5 Bb5
11. Re1 Nh5 12. a4 Bd3 13. b4 b6 14. Ne5 Nxf4 15. exf4 Bf5 16. Nc6 Qd7 17. Nxe7+ Qxe7 18. Nf3 f6 19. Qe2 c6 20. Nh4 Rfe8
21. Nxf5 Qd7 22. Nd6 Re7 23. f5 e5 24. dxe5 Rxe5 25. Qd3 bxc5 26. Rxe5 fxe5 27. bxc5 e4 28. Qd2 Rb8 29. Nxe4 Qxf5 30. Nc3 Qf6
31. Rb1 Re8 32. h3 h6 33. Rb6 Re6 34. Rxa6 Qe5 35. Rb6 d4 36. Nb5 cxb5 37. Rxe6 Qxe6 38. axb5 Qc4 39. c6 Qxb5 40. Qc1 Qa6
41. c7 Qc8 42. Qc4+ Kh8 43. Kf1 d3 44. Ke1 Qe8+ 45. Kd2 Qe2+ 46. Kc3 Qc2+ 47. Kd4 Qxc4+ 48. Kxc4 d2 49. c8=Q+ Kh7 50. Qd7
1-0

[Event "August 13 challenge "]
[Site "SchemingMind.com"]
[Date "2013.08.10"]
[Round "-"]
[White "ray winteringham"]
[Black "Scooter"]
[Result "0-1"]
[WhiteCountry "ENG"]
[BlackCountry "USA"]
[WhiteElo "1575"]
[WhiteRD "50"]
[BlackElo "1729"]
[BlackRD "51"]
[GameID "336552"]

1. d4 Nf6 2. Nc3 g6 3. e4 Bg7 4. e5 Ng8 5. Nf3 d6 6. Bf4 dxe5 7. Bxe5 Nf6 8. Ne4 Nbd7 9. Bc4 e6 10. Kf1 Nxe5
11. dxe5 Qxd1+ 12. Rxd1 Nxe4 13. Rd4 Nc5 14. g3 b6 15. Bb5+ Bd7 16. Bc4 Bc6 17. Kg2 Bxe5
0-1

[Event "August 13 challenge "]
[Site "SchemingMind.com"]
[Date "2013.08.10"]
[Round "-"]
[White "A330"]
[Black "Scooter"]
[Result "1-0"]
[WhiteCountry "ENG"]
[BlackCountry "USA"]
[WhiteElo "1985"]
[WhiteRD "74"]
[BlackElo "1747"]
[BlackRD "50"]
[GameID "336553"]

1. e4 c6 2. Nf3 d5 3. e5 Bf5 4. Be2 e6 5. O-O Nd7 6. d4 Bb4 7. a3 Ba5 8. b4 Bb6 9. Bb2 Ne7 10. Nbd2 h6
11. Nh4 Bh7 12. c4 O-O 13. c5 Bc7 14. f4 Nf5 15. Nhf3 Ne3 16. Qe1 b6 17. Rf2 Nc2 18. Qc1 Nxa1 19. Bxa1 bxc5 20. bxc5 Ba5
21. Nb3 Rb8 22. Nxa5 Qxa5 23. Bc3 Qc7 24. Nd2 Rfe8 25. h3 a5 26. Qe1 Qa7 27. Kh2 Rb7 28. Bg4 Reb8 29. f5 exf5 30. Bxf5 Bxf5
31. Rxf5 Nf8 32. a4 Ne6 33. Qg3 Qa6 34. Rf6 Kh8 35. Rf5 Qe2 36. Bxa5 Nxd4 37. Rf2 Qa6 38. Qg4 Qxa5 39. Qxd4 Rb4 40. Qe3 R8b7
41. e6 fxe6 42. Qd3 Rb8 43. Rf7 Qxc5 44. Qg3 Rg8 45. a5 Qxa5 46. Re7 Rbb8 47. Nf3 Rbe8 48. Qg6 Rxe7 49. Ng5
1-0

[Event "August 13 challenge "]
[Site "SchemingMind.com"]
[Date "2013.08.10"]
[Round "-"]
[White "alexyongpohweng"]
[Black "Scooter"]
[Result "0-1"]
[WhiteCountry "MAS"]
[BlackCountry "USA"]
[WhiteElo "1124"]
[WhiteRD "81"]
[BlackElo "1747"]
[BlackRD "50"]
[GameID "336582"]

1. e4 c6 2. d4 d5 3. exd5 cxd5 4. h3 Nf6 5. a3 e6 6. Nf3 Be7 7. Bb5+ Bd7 8. Bxd7+ Nbxd7 9. O-O O-O 10. Nc3 a6
11. Ne5 Rc8 12. Nxd7 Qxd7 13. Qf3 b5 14. b4 Qc7 15. Bb2 Nd7 16. Rac1 Nb6 17. Ne2 Nc4 18. Qc3 Bg5 19. Rb1 Nd2 20. Qxc7 Rxc7
21. f4 Bf6 22. Rfc1 Nxb1 23. Rxb1 Rxc2 24. Kf1 Rfc8 25. Kf2 R8c4 26. Ke3 g6 27. g4 Be7 28. Ng1 Bxb4 29. axb4 Rxb4 30. Ne2 Rbxb2
31. Rxb2 Rxb2 32. Nc3 Rb3 33. Kd2 b4 34. Na4 Rxh3 35. Nc5 a5 36. Kc2 h5 37. g5 Rf3 38. Na4 h4
0-1

[Event "August 13 challenge "]
[Site "SchemingMind.com"]
[Date "2013.08.10"]
[Round "-"]
[White "alexyongpohweng"]
[Black "ray winteringham"]
[Result "0-1"]
[WhiteCountry "MAS"]
[BlackCountry "ENG"]
[WhiteElo "1089"]
[WhiteRD "113"]
[BlackElo "1575"]
[BlackRD "50"]
[GameID "336583"]

1. e4 c5 2. Bc4 g6 3. Qf3 e6 4. Nh3 Qf6 5. Qxf6 Nxf6 6. d3 Bg7 7. c3 e5 8. O-O d6 9. Ng5 O-O 10. a3 a6
11. b4 Nbd7 12. bxc5 Nxc5 13. Be3 h6 14. Nf3 b5 15. Bxc5 dxc5 16. Bd5 Nxd5 17. exd5 Rd8 18. c4 e4 19. dxe4 Bxa1
0-1

[Event "August 13 challenge "]
[Site "SchemingMind.com"]
[Date "2013.08.10"]
[Round "-"]
[White "alexyongpohweng"]
[Black "A330"]
[Result "0-1"]
[WhiteCountry "MAS"]
[BlackCountry "ENG"]
[WhiteElo "1124"]
[WhiteRD "81"]
[BlackElo "1985"]
[BlackRD "74"]
[GameID "336584"]

1. e4 e5 2. Qh5 Nc6 3. Bc4 g6 4. Qf3 Nf6 5. d3 Nd4 6. Qd1 Bc5 7. Nf3 d5 8. exd5 Nxd5 9. Nxe5 Qd6 10. Nf3 O-O
11. Nxd4 Bxd4 12. O-O Re8 13. Bxd5 Qxd5 14. c3 Bf6 15. c4 Qc6 16. Nc3 b6 17. Be3 Bb7 18. Nd5 Bxb2 19. Rb1 Be5 20. f4 Bc3
21. Rf3 Bh8 22. Kf2 Qd6 23. Qb3 Rad8 24. d4 c6 25. Nc3 Bxd4 26. Bxd4 Qxd4+ 27. Kf1 c5 28. Rf2 Re3 29. Rd1 Rde8 30. g3 Bf3
31. Rxd4 Re1#
0-1

[Event "August 13 challenge "]
[Site "SchemingMind.com"]
[Date "2013.08.12"]
[Round "-"]
[White "Scooter"]
[Black "alexyongpohweng"]
[Result "1-0"]
[WhiteCountry "USA"]
[BlackCountry "MAS"]
[WhiteElo "1747"]
[WhiteRD "50"]
[BlackElo "1124"]
[BlackRD "81"]
[GameID "336585"]

1. d4 d5 2. Nf3 Nf6 3. Bf4 g6 4. e3 Bg7 5. Be2 O-O 6. O-O Nc6 7. c3 b6 8. Nbd2 Bb7 9. Qc2 a6 10. h3 b5
11. Ne5 Nxe5 12. Bxe5 Nd7 13. Bxg7 Kxg7 14. e4 dxe4 15. Nxe4 Bxe4 16. Qxe4 f5 17. Qd3 Nf6 18. Bf3 Rb8 19. Rfe1 Re8 20. Re6 Nd5
21. Bxd5 Qxd5 22. Qe2 Rbd8 23. Rxe7+ Rxe7 24. Qxe7+ Kh6 25. Qxc7 Qd7 26. Qxd7 Rxd7 27. Re1 Kg7 28. Re6 Ra7 29. f4 Kf7 30. Rb6 Kg7
31. Kf2 h6 32. Ke3 Kf7 33. d5 Rd7 34. d6 Ke6 35. Rxa6 Rxd6 36. Rxd6+ Kxd6 37. Kd4 Ke6 38. Kc5 Kf6 39. c4 bxc4 40. a4
1-0

[Event "August 13 challenge "]
[Site "SchemingMind.com"]
[Date "2013.08.12"]
[Round "-"]
[White "ray winteringham"]
[Black "alexyongpohweng"]
[Result "1-0"]
[WhiteCountry "ENG"]
[BlackCountry "MAS"]
[WhiteElo "1575"]
[WhiteRD "50"]
[BlackElo "1089"]
[BlackRD "113"]
[GameID "336586"]

1. e4 e5 2. Nf3 d6 3. Bc4 Bg4 4. h3 Bxf3 5. Qxf3 Nf6 6. Nc3 Nc6 7. Bb3 Nd4 8. Qe3 Nxb3 9. axb3 Be7 10. O-O O-O
11. d4 exd4 12. Qxd4 c5 13. Qd1 a6 14. f3 b5 15. Nd5 Nxd5 16. Qxd5 Rb8 17. Rxa6 b4 18. c3 bxc3 19. bxc3 Rxb3 20. Qxb3 Bf6
21. Bf4 g5 22. Bxd6 Re8 23. Bxc5 h6 24. Rd1 Qc8 25. Bd4 Be7 26. Rxh6 Qe6 27. Rh8#
1-0

[Event "August 13 challenge "]
[Site "SchemingMind.com"]
[Date "2013.08.12"]
[Round "-"]
[White "A330"]
[Black "alexyongpohweng"]
[Result "1-0"]
[WhiteCountry "ENG"]
[BlackCountry "MAS"]
[WhiteElo "1985"]
[WhiteRD "74"]
[BlackElo "1124"]
[BlackRD "81"]
[GameID "336587"]

1. e4 e5 2. Nf3 d6 3. Bc4 Bg4 4. O-O Nf6 5. Nc3 c6 6. d4 exd4 7. Qxd4 Bxf3 8. gxf3 Qc8 9. Re1 c5 10. Qd3 a6
11. e5 dxe5 12. Rxe5+ Be7 13. Bf4 Nc6 14. Rg5 Nb4 15. Qe2 O-O 16. Be5 Nc6 17. Bf4 Nd4 18. Qd3 Ne6 19. Bxe6 Qxe6 20. Re5 c4
21. Rxe6 cxd3 22. Rxe7 dxc2 23. Rc1 Rab8 24. Rxc2 Nh5 25. Bxb8 Rxb8 26. Rce2 Nf4 27. Re8+
1-0

[Event "August 13 challenge "]
[Site "SchemingMind.com"]
[Date "2013.08.12"]
[Round "-"]
[White "emvarela"]
[Black "alexyongpohweng"]
[Result "1-0"]
[WhiteCountry "ARG"]
[BlackCountry "MAS"]
[WhiteElo "1767"]
[WhiteRD "50"]
[BlackElo "1346"]
[BlackRD "59"]
[GameID "336617"]

1. e4 e5 2. Nf3 d6 3. d4 exd4 4. Nxd4 Nf6 5. Nc3 Be7 6. Bf4 O-O 7. Be2 c5 8. Ndb5 a6 9. Nxd6 Bxd6 10. Bxd6 Re8
11. e5 Nfd7 12. f4 Nc6 13. Nd5 Ra7 14. Nc7 Nb6 15. Nxe8 Qxe8 16. Bg4 Bxg4 17. Qxg4 Nc4 18. Bxc5 b6 19. Bxb6 Nxb6 20. O-O Qe6
21. Qxe6 fxe6 22. c3 Rd7 23. Rad1 Rxd1 24. Rxd1 Nd5 25. g3 Na5 26. Rd3 Nc6 27. b4 Kf7 28. a3 Kg6 29. c4 Nde7 30. Rd6 Kf7
31. b5 axb5 32. cxb5 Na7 33. a4 Nac8 34. Rd7 Nb6 35. Ra7 Nd5 36. a5 Ke8 37. b6 Nc8 38. b7 Nxa7 39. b8=Q+
1-0

[Event "August 13 challenge "]
[Site "SchemingMind.com"]
[Date "2013.08.11"]
[Round "-"]
[White "emvarela"]
[Black "Scooter"]
[Result "0-1"]
[WhiteCountry "ARG"]
[BlackCountry "USA"]
[WhiteElo "1767"]
[WhiteRD "50"]
[BlackElo "1743"]
[BlackRD "51"]
[GameID "336618"]

1. e4 c6 2. d4 d5 3. Nc3 dxe4 4. Nxe4 Bf5 5. Ng3 Bg6 6. h4 h6 7. Nf3 Nd7 8. h5 Bh7 9. Bd3 Bxd3 10. Qxd3 Qc7
11. Bd2 O-O-O 12. d5 cxd5 13. Qxd5 e6 14. Qb3 Bc5 15. O-O Ngf6 16. Bc3 Rhg8 17. Bxf6 Nxf6 18. c3 Qxg3 19. Qc4 Qc7 20. Qe2 Nxh5
21. Nd4 Nf4 22. Qe4 Kb8 23. Rad1 Bxd4 24. cxd4 Rd7 25. Rc1 Qd6 26. Rfd1 Nd5 27. Rc5 Rc8 28. Rxc8+ Kxc8 29. Rc1+ Rc7 30. Rxc7+ Kxc7
31. g3 f6 32. Qc2+ Qc6 33. Qg6 Qc1+ 34. Kg2 Qg5 35. Qf7+ Kb8 36. Qe8+ Kc7 37. Qf7+ Kd6 38. Qf8+ Kd7 39. Qb8 Nf4+ 40. Kf3 Qd5+
41. Ke3 Ng2+ 42. Ke2 Qe4+ 43. Kf1 Qf3 44. Qf8 Ne3+
0-1

[Event "August 13 challenge "]
[Site "SchemingMind.com"]
[Date "2013.08.11"]
[Round "-"]
[White "emvarela"]
[Black "ray winteringham"]
[Result "1-0"]
[WhiteCountry "ARG"]
[BlackCountry "ENG"]
[WhiteElo "1767"]
[WhiteRD "50"]
[BlackElo "1512"]
[BlackRD "52"]
[GameID "336619"]

1. e4 e5 2. Nf3 Nc6 3. d4 exd4 4. c3 dxc3 5. Bc4 Qf6 6. Nxc3 g6 7. Nd5 Qd8 8. Nc3 Bb4 9. Bd2 d6 10. Qb3 Qe7
11. Ng5 Be6 12. Nxe6 fxe6 13. Bb5 Bxc3 14. Bxc6+ bxc6 15. Bxc3 Nf6 16. Qb7 O-O 17. Qxc6 e5 18. f3 Nh5 19. Bd2 Rfb8 20. b3 Ng7
21. Rc1 Ne8 22. Qd5+ Kf8 23. Bh6+ Ng7 24. Bxg7+ Qxg7 25. O-O Rc8 26. f4 Ke7 27. fxe5 Qxe5 28. Qf7+ Kd8 29. Qf8+ Qe8 30. Qg7 Qe7
31. Rf8+ Kd7 32. Rf7 Re8 33. Rxe7+ Rxe7 34. Rxc7+
1-0

[Event "August 13 challenge "]
[Site "SchemingMind.com"]
[Date "2013.08.11"]
[Round "-"]
[White "emvarela"]
[Black "A330"]
[Result "0-1"]
[WhiteCountry "ARG"]
[BlackCountry "ENG"]
[WhiteElo "1767"]
[WhiteRD "50"]
[BlackElo "2010"]
[BlackRD "68"]
[GameID "336620"]

1. e4 e5 2. Nf3 Nc6 3. Bb5 a6 4. Bxc6 dxc6 5. O-O Bd6 6. d4 exd4 7. Qxd4 f6 8. Be3 c5 9. Qd3 Bg4 10. Nbd2 Qe7
11. h3 Bxf3 12. Nxf3 O-O-O 13. Qc3 Qxe4 14. Bxc5 Qc6 15. Bxd6 Qxc3 16. bxc3 Rxd6 17. Rfd1 Ne7 18. Rxd6 cxd6 19. Nd4 g6 20. Re1 Kd7
21. c4 Rc8 22. Ne6 Rxc4 23. Nf8+ Ke8 24. Nxh7 Kf7 25. Re2 Rh4 26. Nxf6 Kxf6 27. f3 Ra4 28. c3 Nd5
0-1

[Event "August 13 challenge "]
[Site "SchemingMind.com"]
[Date "2013.08.15"]
[Round "-"]
[White "alexyongpohweng"]
[Black "emvarela"]
[Result "0-1"]
[WhiteCountry "MAS"]
[BlackCountry "ARG"]
[WhiteElo "1309"]
[WhiteRD "50"]
[BlackElo "1760"]
[BlackRD "50"]
[GameID "336621"]

1. e4 e5 2. Qh5 Nc6 3. Bc4 g6 4. Qf3 Nf6 5. c3 Bg7 6. d3 O-O 7. Bg5 h6 8. Bxf6 Qxf6 9. Qxf6 Bxf6 10. Nf3 d6
11. O-O Kg7 12. Nbd2 Na5 13. b4 Nxc4 14. dxc4 Be6 15. a3 c6 16. Rab1 Rad8 17. a4 d5 18. exd5 cxd5 19. cxd5 Bxd5 20. c4 Bxf3
21. Nxf3 e4 22. Ne1 Bc3 23. Nc2 f5 24. b5 Rd2 25. Ne3 Rfd8 26. Nd5 Bd4 27. Ne3 Bxe3 28. fxe3 Rc2 29. Rbc1 Rdd2 30. Rxc2 Rxc2
31. Rb1 Rxc4 32. Ra1 Kf6 33. Kf2 b6 34. Ke2 Ke5 35. Kd2 g5 36. Ke2 h5 37. Kd2 f4 38. exf4+ gxf4 39. Ke2 Rc2+ 40. Kf1 e3
41. Ke1 Rxg2 42. Kf1 Rxh2 43. Kg1 Rd2 44. Kf1 e2+ 45. Ke1 Rd1+ 46. Rxd1 exd1=Q+ 47. Kxd1 Ke4 48. Ke2 h4 49. Kf2 f3
0-1

[Event "August 13 challenge "]
[Site "SchemingMind.com"]
[Date "2013.08.15"]
[Round "-"]
[White "Scooter"]
[Black "emvarela"]
[Result "1/2-1/2"]
[WhiteCountry "USA"]
[BlackCountry "ARG"]
[WhiteElo "1747"]
[WhiteRD "50"]
[BlackElo "1741"]
[BlackRD "47"]
[GameID "336622"]

1. d4 Nf6 2. Nf3 e6 3. Bg5 c5 4. c3 d5 5. e3 Nc6 6. Bb5 Bd7 7. O-O h6 8. Bf4 a6 9. Bxc6 Bxc6 10. Nbd2 cxd4
11. cxd4 Bd6 12. Bxd6 Qxd6 13. Rc1 O-O 14. a3 Rac8 15. Ne5 Nd7 16. Ndf3 Nxe5 17. Nxe5 Bd7 18. Qd2 Rxc1 19. Rxc1 Rc8 20. Nxd7 Rxc1+
21. Qxc1 Qxd7 22. b4 Qc6 23. Qxc6 bxc6 24. Kf1 f6=
1/2-1/2

[Event "August 13 challenge "]
[Site "SchemingMind.com"]
[Date "2013.08.11"]
[Round "-"]
[White "ray winteringham"]
[Black "emvarela"]
[Result "0-1"]
[WhiteCountry "ENG"]
[BlackCountry "ARG"]
[WhiteElo "1537"]
[WhiteRD "50"]
[BlackElo "1741"]
[BlackRD "47"]
[GameID "336623"]

1. e4 e5 2. Nf3 Nc6 3. Be2 Nf6 4. Nc3 d6 5. O-O Be7 6. b3 O-O 7. h3 a6 8. d4 exd4 9. Nxd4 Nxd4 10. Bb2 Nxe2+
11. Nxe2 Nxe4 12. Qd4 Bf6 13. Qxe4 Bxb2 14. Rad1 Qf6 15. Ng3 c6 16. Nh5 Qe5 17. Qxe5 Bxe5 18. f4 Bf6 19. Rxd6 Be7 20. Rd2 Bf5
21. g4 Bc5+ 22. Kh2 Be4 23. g5 Rad8 24. Re2 Bg6 25. Ng3 f6 26. Rfe1 Rfe8 27. Kg2 Rxe2+ 28. Rxe2 fxg5 29. fxg5 Re8
0-1

[Event "August 13 challenge "]
[Site "SchemingMind.com"]
[Date "2013.08.11"]
[Round "-"]
[White "A330"]
[Black "emvarela"]
[Result "1-0"]
[WhiteCountry "ENG"]
[BlackCountry "ARG"]
[WhiteElo "2047"]
[WhiteRD "62"]
[BlackElo "1760"]
[BlackRD "50"]
[GameID "336624"]

1. e4 e5 2. Nf3 Nc6 3. Bb5 f5 4. d3 fxe4 5. dxe4 Nf6 6. Nc3 Bb4 7. O-O Bxc3 8. bxc3 O-O 9. Re1 a6 10. Bc4+ Kh8
11. Qd3 d6 12. Bb3 Qe7 13. Rb1 Be6 14. Ng5 Bxb3 15. cxb3 h6 16. Nh3 Qe6 17. f3 Ne7 18. Nf2 c5 19. Be3 b5 20. Red1 Rfd8
21. Rb2 Rac8 22. c4 b4 23. a3 Nc6 24. axb4 Nxb4 25. Qb1 a5 26. Rbd2 Ne8 27. Nd3 Nxd3 28. Rxd3 Rc6 29. Qa2 Ra8 30. Bd2 Rca6
31. Qa4 Nc7 32. Be3 Rb8 33. Bd2 Rba8 34. Bc3 Ne8 35. Ra1 R8a7 36. Kh1 Kh7 37. h3 g5 38. Rad1 Nf6 39. Qb5 Kg6 40. R3d2 d5
41. cxd5 Qd6 42. Ra2 Rb6 43. Qc4 Rba6 44. Rda1 Nd7 45. Rxa5 Rxa5 46. Rxa5 Rxa5 47. Bxa5 Nb6 48. Qa6 Nc8 49. Qxc8
1-0

[Event "August 13 challenge "]
[Site "SchemingMind.com"]
[Date "2013.08.12"]
[Round "-"]
[White "fu_manchu"]
[Black "alexyongpohweng"]
[Result "1-0"]
[WhiteCountry "CAN"]
[BlackCountry "MAS"]
[WhiteElo "1773"]
[WhiteRD "75"]
[BlackElo "1346"]
[BlackRD "59"]
[GameID "336637"]

1. e4 e5 2. Nf3 d6 3. d4 exd4 4. Nxd4 Qh4 5. Nc3 Nf6 6. Nf3 Qg4 7. h3 Qe6 8. Bd3 Nc6 9. O-O Be7 10. Nb5 Qd7
11. Be3 a6 12. Nc3 O-O 13. Re1 Rb8 14. Qe2 Nb4 15. Bc4 b5 16. Bd3 Nxd3 17. cxd3 b4 18. Nb1 c5 19. Nbd2 a5 20. Nc4 a4
21. Rad1 Ba6 22. Qc2 Bxc4 23. dxc4 h6 24. e5 Ne8 25. e6 Qxe6 26. Bxc5 Qf6 27. Bd4 Qg6 28. Qxg6 fxg6 29. Rxe7 Rf7 30. Be3 Rxe7
31. b3 axb3 32. axb3 Ra8 33. Nd4 Rd7 34. Nc6 Ra3 35. Nxb4 Rxb3 36. Nc6 Kf7 37. Ne5+ Ke7 38. Nxd7 Kxd7 39. c5 g5 40. cxd6 Nxd6
41. Bc5 Rb7 42. Bxd6 Ke6 43. Bc5 Rc7 44. Re1+ Kd5 45. Be3 Kc6 46. Rc1+ Kd7 47. Rxc7+ Kxc7 48. f4 gxf4 49. Bxf4+ Kc6 50. Be5 g6
51. Bg7 h5 52. Kf2 Kd5 53. Kf3 Ke6 54. Kf4 Kf7 55. Bh8 Kg8 56. Kg5 Kxh8 57. Kxg6 Kg8 58. Kxh5 Kg7 59. g4 Kf6 60. g5+ Kg7
61. g6 Kg8 62. Kh6
1-0

[Event "August 13 challenge "]
[Site "SchemingMind.com"]
[Date "2013.08.11"]
[Round "-"]
[White "fu_manchu"]
[Black "emvarela"]
[Result "1-0"]
[WhiteCountry "CAN"]
[BlackCountry "ARG"]
[WhiteElo "1773"]
[WhiteRD "75"]
[BlackElo "1767"]
[BlackRD "50"]
[GameID "336638"]

1. e4 e5 2. Nf3 Nc6 3. Bb5 f5 4. Nc3 fxe4 5. Nxe4 Nf6 6. d3 d5 7. Ng3 Bg4 8. h3 Bxf3 9. Qxf3 Be7 10. O-O O-O
11. Qd1 Nd4 12. Ba4 b5 13. Bb3 Nxb3 14. axb3 e4 15. dxe4 dxe4 16. Qe2 Qd5 17. c4 bxc4 18. bxc4 Qe5 19. Be3 Bd6 20. Rad1 Rab8
21. Bd4 Qe6 22. Rfe1 Bxg3 23. fxg3 a5 24. Ra1 Ra8 25. Bxf6 Rxf6 26. Qxe4 Qb6+ 27. Kh2 Rd8 28. Rad1 Rfd6 29. Rxd6 Qxd6 30. c5 Qd7
31. Ra1 Qd2 32. Qe7 c6 33. Qe6+ Kf8 34. Rf1+
1-0

[Event "August 13 challenge "]
[Site "SchemingMind.com"]
[Date "2013.08.11"]
[Round "-"]
[White "fu_manchu"]
[Black "Scooter"]
[Result "1-0"]
[WhiteCountry "CAN"]
[BlackCountry "USA"]
[WhiteElo "1742"]
[WhiteRD "98"]
[BlackElo "1729"]
[BlackRD "51"]
[GameID "336639"]

1. d4 Nf6 2. c4 g6 3. Nf3 Bg7 4. g3 O-O 5. Bg2 e6 6. O-O d5 7. cxd5 exd5 8. Nc3 c6 9. Bg5 Bg4 10. Ne5 Bf5
11. g4 Be6 12. h3 Qb6 13. Na4 Qc7 14. e3 Nbd7 15. Nxd7 Bxd7 16. Bf4 Qd8 17. Nc5 Qc8 18. Rc1 b6 19. Nxd7 Qxd7 20. Qd3 Rfe8
21. Rfe1 Ne4 22. f3 Nf6 23. e4 dxe4 24. fxe4 Re7 25. Bg5 h6 26. Bh4 g5 27. Bf2 Rae8 28. Rcd1 Rd8 29. b4 c5 30. bxc5 bxc5
31. d5 Qa4 32. Bxc5 Ree8 33. a3 Qa5 34. Bf2 Bf8 35. e5 Nd7 36. e6 Nc5 37. exf7+ Kxf7 38. Qf5+ Kg7 39. Bd4+
1-0

[Event "August 13 challenge "]
[Site "SchemingMind.com"]
[Date "2013.08.11"]
[Round "-"]
[White "fu_manchu"]
[Black "ray winteringham"]
[Result "0-1"]
[WhiteCountry "CAN"]
[BlackCountry "ENG"]
[WhiteElo "1742"]
[WhiteRD "98"]
[BlackElo "1575"]
[BlackRD "50"]
[GameID "336640"]

1. e4 e5 2. Nf3 Nc6 3. Bb5 d6 4. Nc3 Bd7 5. O-O a6 6. Ba4 g6 7. d3 Bg7 8. a3 Nge7 9. Bg5 O-O 10. Nd5 f6
11. Nxe7+ Nxe7 12. Bd2 Bxa4 13. b3 Bd7 14. c4 c5 15. Be3 f5 16. Qe2 f4 17. Bd2 b6 18. b4 Qc7 19. bxc5 Qxc5 20. Bb4 Qc6
21. h3 a5 22. Bc3 b5 23. Nd2 Rac8 24. Bxa5 Ra8 25. cxb5 Qxb5 26. Bb4 Nc6 27. Bxd6 Nd4 28. Qd1 Qxd3 29. Bxf8 Kxf8 30. Nf3 Nxf3+
31. Qxf3 Qxf3 32. gxf3 Kf7 33. Kh2 Bf8 34. Rg1 Bc5 35. Kg2 Rxa3 36. Rxa3 Bxa3 37. Rb1 Bc5 38. Rb7 Ke7 39. Rb8 h5 40. Ra8 Kf6
41. Ra6+ Be6
0-1

[Event "August 13 challenge "]
[Site "SchemingMind.com"]
[Date "2013.08.11"]
[Round "-"]
[White "fu_manchu"]
[Black "A330"]
[Result "0-1"]
[WhiteCountry "CAN"]
[BlackCountry "ENG"]
[WhiteElo "1742"]
[WhiteRD "98"]
[BlackElo "1971"]
[BlackRD "89"]
[GameID "336641"]

1. d4 d5 2. c4 e6 3. Nc3 Nf6 4. Nf3 Be7 5. e3 O-O 6. Bd2 Nc6 7. a3 Ne4 8. Nxe4 dxe4 9. Ne5 Nxe5 10. dxe5 f6
11. exf6 Bxf6 12. Rb1 c5 13. Qc2 Bd7 14. Qxe4 Qc7 15. Be2 Be5 16. f4 Bf6 17. O-O Rad8 18. Qc2 Bc6 19. Bg4 e5 20. Be6+ Kh8
21. f5 e4 22. Bc3 Be5 23. Bxe5 Qxe5 24. b4 Rd3 25. Rb3 Ba4 26. Qb2 Qd6 27. Rxd3 Qxd3 28. Re1 b6 29. bxc5 bxc5 30. f6 gxf6
31. g4 h6 32. Qg2 Qc3 33. Qg3 Qe5 34. Qxe5 fxe5 35. Rb1 Rf3 36. Bf5 Rxe3 37. Rb7 Rxa3 38. Bxe4 Rc3 39. Rh7+ Kg8 40. Rxh6 Rxc4
41. Bd5+ Kg7
0-1

[Event "August 13 challenge "]
[Site "SchemingMind.com"]
[Date "2013.08.12"]
[Round "-"]
[White "alexyongpohweng"]
[Black "fu_manchu"]
[Result "0-1"]
[WhiteCountry "MAS"]
[BlackCountry "CAN"]
[WhiteElo "1124"]
[WhiteRD "81"]
[BlackElo "1792"]
[BlackRD "89"]
[GameID "336642"]

1. e4 e6 2. d4 d5 3. exd5 exd5 4. h3 Nf6 5. Nf3 Nbd7 6. Bd3 Be7 7. O-O O-O 8. Nc3 c6 9. b3 a5 10. Bg5 Bb4
11. Ne2 Qc7 12. Bf4 Bd6 13. Bxd6 Qxd6 14. Nh2 b5 15. c4 bxc4 16. bxc4 Re8 17. cxd5 Nxd5 18. Bc4 N7b6 19. Bxd5 Nxd5 20. Ng3 Nf4
21. f3 Nxh3+ 22. gxh3 Qxg3+ 23. Kh1 Qxh3 24. Rf2 Ba6 25. Qc2 Qh6 26. Qa4 Re2 27. Rxe2 Bxe2 28. Qxc6 Qxc6
0-1

[Event "August 13 challenge "]
[Site "SchemingMind.com"]
[Date "2013.08.11"]
[Round "-"]
[White "emvarela"]
[Black "fu_manchu"]
[Result "1/2-1/2"]
[WhiteCountry "ARG"]
[BlackCountry "CAN"]
[WhiteElo "1767"]
[WhiteRD "50"]
[BlackElo "1773"]
[BlackRD "75"]
[GameID "336643"]

1. e4 c5 2. Nf3 Nc6 3. d4 cxd4 4. Nxd4 Nf6 5. Nc3 e6 6. Ndb5 d6 7. Bf4 e5 8. Bg5 Be7 9. Bxf6 gxf6 10. Nd5 Qa5+
11. Qd2 Qxd2+ 12. Kxd2 Kf8 13. f4 exf4 14. Nxe7 Kxe7 15. Nc7 Rb8 16. Nd5+ Kf8 17. Nxf6 Be6 18. Nd5 Bxd5 19. exd5 Ne5 20. Bd3 f3
21. gxf3 Nxf3+ 22. Ke3 Ne5 23. Rhg1 Nxd3 24. Kxd3 Re8 25. Rg2 Rg8 26. Rag1 Rxg2 27. Rxg2 f6 28. c4 b6 29. Rf2 Kf7 30. Rf4 h5
31. Re4 Rxe4=
1/2-1/2

[Event "August 13 challenge "]
[Site "SchemingMind.com"]
[Date "2013.08.11"]
[Round "-"]
[White "Scooter"]
[Black "fu_manchu"]
[Result "0-1"]
[WhiteCountry "USA"]
[BlackCountry "CAN"]
[WhiteElo "1729"]
[WhiteRD "51"]
[BlackElo "1742"]
[BlackRD "98"]
[GameID "336644"]

1. d4 f5 2. Nf3 e6 3. Bg5 Nf6 4. e3 Be7 5. Be2 Nc6 6. O-O O-O 7. Nbd2 Ng4 8. Bxe7 Qxe7 9. a3 b6 10. h3 Nf6
11. c4 Bb7 12. b4 a6 13. c5 b5 14. Qb3 Nd5 15. e4 fxe4 16. Nxe4 Nf4 17. Bd3 Nxh3+ 18. gxh3 Rxf3 19. Ng3 Nxd4 20. Qb1 Qh4
21. Be4 Ne2+
0-1